000 01324cab a2200265 4500
001 ABS68437
008 041115n2004 000 0 eng u
035 _a(Sirsi) u127955
100 _aCurd, C.
245 _aBrownie points
260 _c2004
490 _aHouse Builder
_v63(10) November 2004, 53-54(2)
520 _aExplains how to take advantage of contaminated land tax credits, one of a range of government financial incentives to encourage house builders to develop brownfield sites. Looks in detail at land remediation relief, which provides tax relief on remediation costs incurred in brownfield site development and also where harmful materials are removed in change of use from commercial to residential or where residential property is being refurbished or where landlords or developers need to comply with the new asbestos regulations. Shows how much the tax relief is worth and advises on how to make a claim and to negotiate a settlement with the Inland Revenue.
590 _aABS
650 _aFINANCE ACT 2001
650 _aSTAMP DUTY LAND TAX
650 _aLAND REMEDIATION RELIEF
650 _aREMEDIATION
650 _aFINANCIAL INCENTIVES
650 _aBROWNFIELD DEVELOPMENT
650 _aCONTAMINATED LAND
650 _aTAX CREDITS
690 _aHOUSING-DEVELOPMENT
942 _n0
999 _c74600
_d74600